Geometry plane and solid

Guardat en:
Dades bibliogràfiques
Autor principal: Kenneth E Brown
Format: Llibre
Idioma:Undetermined
Publicat: California Laidlaw Brothers 1962
Matèries:
Etiquetes: Afegir etiqueta
Sense etiquetes, Sigues el primer a etiquetar aquest registre!
Thư viện lưu trữ: Trung tâm Học liệu Trường Đại học Cần Thơ
LEADER 00487nam a2200181Ia 4500
001 CTU_1389
008 210402s9999 xx 000 0 und d
082 |a 516 
082 |b B878 
100 |a Kenneth E Brown 
245 0 |a Geometry plane and solid 
245 0 |c Kenneth E Brown 
260 |a California 
260 |b Laidlaw Brothers 
260 |c 1962 
650 |a geometry, plane,geometry, solid 
904 |i Minh, 960814 
980 |a Trung tâm Học liệu Trường Đại học Cần Thơ